[Event "N� LL 2004/05"]
[Site "?"]
[Date "2004.10.03"]
[Round "2"]
[White "Wukits, Rene"]
[Black "Hangweyrer, Manfred"]
[Result "1-0"]
[WhiteElo "2244"]
[BlackElo "2331"]
[Annotator "Stockerau : Ternitz/Gloggnitz"]
[PlyCount "56"]
[EventDate "2004.09.20"]

1. d4 d5 2. Nf3 Nf6 3. c4 c6 4. Nc3 e6 5. Bg5 Be7 6. e3 Nbd7 7. Qc2 O-O 8. Rc1
a6 9. a3 b5 10. cxd5 cxd5 11. Bd3 Bb7 12. O-O Rc8 13. Qb1 h6 14. Bh4 Nb6 15.
Rfd1 Nc4 16. a4 Qa5 17. axb5 axb5 18. Nxb5 Qxb5 19. b3 Ba6 20. Ne5 Rfd8 21.
bxc4 Qxb1 22. Rxb1 Bxc4 23. Rb7 Kf8 24. Bg6 fxg6 25. Nxg6+ Kf7 26. Nxe7 Ba6 27.
Ra7 Ra8 28. Nc6+ Kf8 1-0

[Event "N� LL 2004/05"]
[Site "?"]
[Date "2004.10.03"]
[Round "2"]
[White "Schmid, Thomas"]
[Black "Degen, Gerhard"]
[Result "1-0"]
[WhiteElo "2152"]
[BlackElo "2097"]
[Annotator "Stockerau : Ternitz/Gloggnitz"]
[PlyCount "103"]
[EventDate "2004.09.20"]

1. e4 c6 2. d4 d5 3. Nc3 dxe4 4. Nxe4 Bf5 5. Ng3 Bg6 6. h4 h6 7. h5 Bh7 8. Nf3
Nd7 9. Bd3 Bxd3 10. Qxd3 Ngf6 11. Bf4 e6 12. O-O-O Be7 13. Kb1 O-O 14. Ne4 Nxe4
15. Qxe4 Nf6 16. Qe2 Qd5 17. Ne5 Qe4 18. Qxe4 Nxe4 19. Rhe1 Nf6 20. g4 Nd5 21.
Bd2 Rfd8 22. c4 Nf6 23. Bc3 Rac8 24. f3 Nd7 25. Nd3 Bf6 26. c5 Nf8 27. Nb4 Rd7
28. Nc2 Bg5 29. a4 Rcd8 30. Ka2 Bf6 31. Rb1 Re7 32. b4 a6 33. Kb3 Nd7 34. Rbd1
Bg5 35. b5 axb5 36. axb5 Nb8 37. Kc4 cxb5+ 38. Kxb5 Nc6 39. Nb4 Nxb4 40. Kxb4
Bf6 41. Kc4 Red7 42. Re4 Rd5 43. Rb1 R8d7 44. Rb4 Kh7 45. Rb1 Rc7 46. f4 Rcd7
47. Rb2 Rc7 48. f5 Rcd7 49. fxe6 fxe6 50. Rb6 Kg8 51. Rbxe6 Kf7 52. Rb6 1-0

[Event "N� LL 2004/05"]
[Site "?"]
[Date "2004.10.03"]
[Round "2"]
[White "Braun, Karl Heinz"]
[Black "Sadilek, Peter"]
[Result "1-0"]
[WhiteElo "2096"]
[BlackElo "2014"]
[Annotator "Stockerau : Ternitz/Gloggnitz"]
[PlyCount "81"]
[EventDate "2004.09.20"]

1. e4 e6 2. d4 d5 3. exd5 exd5 4. Nf3 Nf6 5. Bd3 Bd6 6. O-O O-O 7. Bg5 h6 8.
Bh4 Bg4 9. Nbd2 Nbd7 10. c4 c6 11. c5 Bf4 12. Qc2 g5 13. Bg3 Nh5 14. Rfe1 Qf6
15. Bxf4 Nxf4 16. Ne5 Nxd3 17. Qxd3 Nxe5 18. Rxe5 Rfe8 19. Rae1 Kf8 20. Qg3
Rxe5 21. Rxe5 Be6 22. Qe3 b6 23. Qc3 bxc5 24. Qxc5+ Kg7 25. g3 Bh3 26. f3 Rb8
27. b4 Qg6 28. Qc3 Bf5 29. a3 Bc2 30. Re3 Ba4 31. Kf2 Rb7 32. h3 f5 33. Qc5 Qf7
34. Qd6 a5 35. bxa5 Rb2 36. Re7 Rxd2+ 37. Ke3 Rb2 38. Rxf7+ Kxf7 39. a6 Rb3+
40. Kd2 Rxf3 41. a7 1-0

[Event "N� LL 2004/05"]
[Site "?"]
[Date "2004.10.03"]
[Round "2"]
[White "Schirmbeck, Hannes"]
[Black "Schandl, Johann"]
[Result "1/2-1/2"]
[WhiteElo "2076"]
[BlackElo "1996"]
[Annotator "Stockerau : Ternitz/Gloggnitz"]
[PlyCount "115"]
[EventDate "2004.09.20"]

1. e4 c5 2. Nf3 Nc6 3. Bb5 d6 4. O-O e6 5. Re1 Nf6 6. e5 Nd5 7. Bxc6+ bxc6 8.
d3 Be7 9. Nbd2 Nb6 10. exd6 Bxd6 11. Ne4 Be7 12. b3 O-O 13. Ba3 Nd7 14. Qd2 e5
15. Qc3 f6 16. Nxc5 Nb6 17. Qb2 Bg4 18. Nd2 Nd5 19. Nc4 Qe8 20. Ne3 Bc8 21.
Nxd5 cxd5 22. Na4 Bxa3 23. Qxa3 d4 24. Qd6 Bf5 25. Qd5+ Kh8 26. Nb2 Rb8 27. f4
Qc8 28. Nc4 Be6 29. Qe4 Bxc4 30. bxc4 Re8 31. fxe5 fxe5 32. Rab1 Rxb1 33. Rxb1
Qd8 34. Rb5 Qg5 35. Qe1 Qf4 36. c5 h6 37. c6 e4 38. Rc5 e3 39. c7 Rc8 40. Qg3
Qf8 41. Rc4 Qe7 42. Kf1 Qa3 43. Ke2 Qa5 44. Rxd4 Qd2+ 45. Kf3 Rf8+ 46. Rf4 Re8
47. Re4 Rf8+ 48. Kg4 Qxc2 49. h4 Qxd3 50. Qxe3 Qd7+ 51. Kg3 Qxc7+ 52. Kh3 Qd7+
53. Kh2 Qd6+ 54. Qg3 Qxg3+ 55. Kxg3 Rf6 56. Ra4 a6 57. Rf4 Rc6 58. h5 1/2-1/2

[Event "N� LL 2004/05"]
[Site "?"]
[Date "2004.10.03"]
[Round "2"]
[White "Heimberger, Reinhard"]
[Black "Lehner, Oliver"]
[Result "1/2-1/2"]
[WhiteElo "2284"]
[BlackElo "2414"]
[Annotator "St.P�lten : B�hlerwerk"]
[PlyCount "73"]
[EventDate "2004.09.20"]

1. d4 Nf6 2. Nf3 e6 3. c4 Bb4+ 4. Bd2 c5 5. e3 O-O 6. Bd3 d6 7. O-O Re8 8. Bxb4
cxb4 9. a3 bxa3 10. Rxa3 Nc6 11. Nc3 e5 12. Qb1 h6 13. b4 a5 14. bxa5 Rxa5 15.
Rb3 exd4 16. Nxd4 Nd7 17. Bh7+ Kh8 18. Be4 Nde5 19. Bd5 Qh4 20. Ncb5 Qf6 21. f4
Nxd4 22. Nxd4 Ng4 23. Nc2 Qg6 24. e4 f5 25. Rg3 Qf6 26. h3 Qh4 27. Qe1 Nf6 28.
Qxa5 Qxg3 29. Rf3 Qh4 30. Bf7 fxe4 31. Bxe8 exf3 32. Qd8 Qg3 33. Bc6+ Kh7 34.
Bxf3 Bxh3 35. Qxd6 Bf5 36. Qd2 b6 37. Nd4 1/2-1/2

[Event "N� LL 2004/05"]
[Site "?"]
[Date "2004.10.03"]
[Round "2"]
[White "Ganaus, Hannes"]
[Black "Stadler, Peter"]
[Result "1-0"]
[WhiteElo "2330"]
[BlackElo "2141"]
[Annotator "St.P�lten : B�hlerwerk"]
[PlyCount "139"]
[EventDate "2004.09.20"]

1. d4 Nf6 2. c4 g6 3. Nc3 d5 4. cxd5 Nxd5 5. Bd2 Nb6 6. Nf3 Nc6 7. Bf4 Bg7 8.
e3 a6 9. Be2 Be6 10. O-O O-O 11. Ng5 Bc4 12. Rc1 Bxe2 13. Qxe2 e5 14. dxe5 Nxe5
15. Rfd1 Qe7 16. Nf3 Rfd8 17. Nxe5 Bxe5 18. Bxe5 Qxe5 19. f4 Qe7 20. e4 Rxd1+
21. Rxd1 Rd8 22. h3 Rxd1+ 23. Qxd1 Qd7 24. Qxd7 Nxd7 25. Kf2 Kf8 26. Ke3 Ke7
27. g4 h6 28. h4 Kd6 29. g5 hxg5 30. hxg5 c6 31. Ne2 a5 32. Nd4 a4 33. a3 b5
34. Nf3 c5 35. Kd3 Nf8 36. Ne5 Ke6 37. Kc3 Nd7 38. Nf3 f5 39. gxf6 Nxf6 40. Kd3
Nh5 41. Ke3 b4 42. Nd2 Nf6 43. Nc4 Nd7 44. Kd2 Kf6 45. Kd3 g5 46. e5+ Kf5 47.
fxg5 Nf8 48. Nb6 bxa3 49. bxa3 Ne6 50. Kc4 Kxe5 51. g6 Kf6 52. Nxa4 Kxg6 53.
Kd5 Kf6 54. Nxc5 Nf4+ 55. Kd6 Ng2 56. a4 Ne3 57. Nd7+ Kf7 58. Nb6 Nf5+ 59. Kd5
Ke7 60. a5 Kd8 61. a6 Ne7+ 62. Kc5 Nc8 63. Kc6 Na7+ 64. Kb7 Nb5 65. Nc4 Kd7 66.
Ne5+ Kd8 67. Nd3 Nc7 68. a7 Kd7 69. Nc5+ Kd6 70. Na6 1-0

[Event "N� LL 2004/05"]
[Site "?"]
[Date "2004.10.03"]
[Round "2"]
[White "Brandstaetter, Friedrich"]
[Black "R�hrl, Karl"]
[Result "1/2-1/2"]
[WhiteElo "2116"]
[BlackElo "2225"]
[Annotator "St.P�lten : B�hlerwerk"]
[PlyCount "86"]
[EventDate "2004.09.20"]

1. e4 d6 2. d4 Nf6 3. Nc3 c6 4. f4 Qa5 5. Bd3 e5 6. Nf3 Bg4 7. Be3 Nbd7 8. O-O
Be7 9. h3 Bxf3 10. Qxf3 O-O 11. Ne2 exd4 12. Nxd4 g6 13. Kh1 Rfe8 14. Nb3 Qc7
15. c4 c5 16. Nd2 Bf8 17. Rae1 Bg7 18. Nb1 a6 19. Nc3 Qc6 20. Bd2 Rab8 21. a4
Rbd8 22. Bc2 b6 23. Bc1 Nf8 24. Qf2 N8d7 25. Qh4 h6 26. Re2 Qc7 27. Ref2 Nf8
28. e5 dxe5 29. fxe5 g5 30. exf6 gxh4 31. fxg7 Kxg7 32. Nd5 Rxd5 33. cxd5 Qd7
34. Bd2 Qxd5 35. Bc3+ Kg8 36. Rf4 Re7 37. Rg4+ Ng6 38. Bxg6 fxg6 39. Rxg6+ Kh7
40. Rxb6 Rf7 41. Rxf7+ Qxf7 42. Rf6 Qd7 43. a5 Qd3 1/2-1/2

[Event "N� LL 2004/05"]
[Site "?"]
[Date "2004.10.03"]
[Round "2"]
[White "Engelhardt, Richard"]
[Black "Semeck, Horst"]
[Result "1-0"]
[WhiteElo "2159"]
[BlackElo "1978"]
[Annotator "St.P�lten : B�hlerwerk"]
[PlyCount "49"]
[EventDate "2004.09.20"]

1. d4 f5 2. Nc3 Nf6 3. Bg5 e6 4. e4 fxe4 5. Nxe4 Be7 6. Bd3 Nxe4 7. Bxe7 Qxe7
8. Bxe4 Nc6 9. Nf3 d6 10. Qd3 g6 11. Bxc6+ bxc6 12. Qe4 Bb7 13. O-O-O O-O-O 14.
Rhe1 Rde8 15. Qg4 Kb8 16. Rd3 Qf6 17. Rde3 h5 18. Qg5 Rhf8 19. Qa5 Qf4 20. Kb1
c5 21. dxc5 Rf5 22. Rb3 Qc4 23. Rb4 Rxc5 24. Qa4 Qd5 25. Qxe8# 1-0

[Event "N� LL 2004/05"]
[Site "?"]
[Date "2004.10.03"]
[Round "2"]
[White "Sulyok, Michael"]
[Black "Spacek, Petr"]
[Result "0-1"]
[WhiteElo "2161"]
[BlackElo "2381"]
[Annotator "Krems : Baden"]
[PlyCount "60"]
[EventDate "2004.09.20"]

1. c4 e6 2. g3 d5 3. Bg2 Nf6 4. Nf3 dxc4 5. Qa4+ c6 6. Qxc4 b5 7. Qc2 Bb7 8.
Nc3 Nbd7 9. a4 b4 10. Nd1 c5 11. d3 Ne5 12. O-O Nxf3+ 13. Bxf3 Bxf3 14. exf3
Qd5 15. Be3 Qxf3 16. Bxc5 Rc8 17. d4 Ne4 18. Rc1 Be7 19. Ne3 Nxc5 20. dxc5 Rxc5
21. Qd3 Qc6 22. Rxc5 Qxc5 23. Rd1 O-O 24. Nc4 h5 25. Qe4 b3 26. Rd3 Rc8 27. Nd2
Qc1+ 28. Kg2 Qxb2 29. Nxb3 Bf6 30. Nd4 Qb4 0-1

[Event "N� LL 2004/05"]
[Site "?"]
[Date "2004.10.03"]
[Round "2"]
[White "Winiwarter, Felix"]
[Black "Eibersberger, Manfrede"]
[Result "0-1"]
[WhiteElo "2210"]
[BlackElo "2072"]
[Annotator "Krems : Baden"]
[PlyCount "80"]
[EventDate "2004.09.20"]

1. e4 c5 2. Nf3 g6 3. d4 cxd4 4. Qxd4 Nf6 5. Bb5 a6 6. e5 axb5 7. exf6 e6 8.
O-O Nc6 9. Qh4 Ra4 10. Qg5 b4 11. Nbd2 Ra5 12. Qg3 Qxf6 13. Nc4 Rc5 14. Bg5 Qf5
15. Qc7 f6 16. Qxc8+ Nd8 17. Qb8 Rxc4 18. Rad1 Bc5 19. Bh6 d5 20. Rd3 Rxc2 21.
Rdd1 g5 22. h4 gxh4 23. Nd4 Bxd4 24. Rxd4 h3 25. Qg3 hxg2 26. Kxg2 Qg6 27. Bg7
Qxg3+ 28. Kxg3 Rg8 29. Rg4 f5 30. Rxb4 Rxg7+ 31. Kf3 Rcc7 32. Re1 Kd7 33. Rb6
Nc6 34. b4 Rg4 35. Rh1 Kc8 36. b5 Ne5+ 37. Ke2 Rg6 38. Rd6 Nc4 39. b6 Nxd6 40.
bxc7 Rg7 0-1

[Event "N� LL 2004/05"]
[Site "?"]
[Date "2004.10.03"]
[Round "2"]
[White "Zojer, Stefan"]
[Black "Mayer, Martin"]
[Result "1-0"]
[WhiteElo "1986"]
[BlackElo "2000"]
[Annotator "Krems : Baden"]
[PlyCount "127"]
[EventDate "2004.09.20"]

1. d4 d5 2. c4 e6 3. Nc3 Nf6 4. Bg5 Be7 5. Nf3 O-O 6. e3 b6 7. Rc1 Bb7 8. Bd3
dxc4 9. Bxc4 Nbd7 10. O-O c5 11. Qe2 Nd5 12. Bxe7 Qxe7 13. Rfd1 cxd4 14. Nxd5
exd5 15. exd4 Qxe2 16. Bxe2 Rac8 17. Bb5 Nf6 18. Ne5 Rxc1 19. Rxc1 a6 20. Rc7
Bc8 21. Nc6 axb5 22. Ne7+ Kh8 23. Rxc8 Rxc8 24. Nxc8 Kg8 25. Nxb6 Kf8 26. Nc8
Ne8 27. Kf1 Nc7 28. Ke2 Ke8 29. Nd6+ Ke7 30. Nb7 Ne6 31. Ke3 f5 32. f4 h6 33.
Nc5 Nd8 34. b3 Nc6 35. a4 bxa4 36. Nxa4 g5 37. g3 Nb4 38. Kd2 Kf6 39. Nc5 gxf4
40. gxf4 Kg6 41. Nd3 Na6 42. Ke3 Kf6 43. b4 Nc7 44. Nc1 Ke7 45. Ne2 Kd6 46. Kd3
Ne6 47. Kc3 Nc7 48. Kb3 Nb5 49. Ka4 Kc6 50. Ka5 Nd6 51. Nc3 Nc4+ 52. Ka6 Nb6
53. b5+ Kc7 54. Ka5 Nc4+ 55. Ka6 Nb6 56. h3 h5 57. h4 Nd7 58. Nxd5+ Kb8 59. b6
Ka8 60. b7+ Kb8 61. Ne7 Kc7 62. Nxf5 Nb8+ 63. Ka7 Nc6+ 64. Ka8 1-0

[Event "N� LL 2004/05"]
[Site "?"]
[Date "2004.10.03"]
[Round "2"]
[White "Walter, Martin"]
[Black "Zojer, Thomas"]
[Result "1-0"]
[WhiteElo "1992"]
[BlackElo "1982"]
[Annotator "Krems : Baden"]
[PlyCount "101"]
[EventDate "2004.09.20"]

1. e4 c5 2. d4 cxd4 3. c3 d5 4. exd5 Qxd5 5. cxd4 Nf6 6. Nc3 Qd8 7. Nf3 e6 8.
Bd3 Be7 9. O-O O-O 10. Bc2 Nbd7 11. Re1 a6 12. Qd3 Re8 13. Bf4 Nf8 14. Rad1 b5
15. d5 exd5 16. Nxd5 Qxd5 17. Qxd5 Nxd5 18. Rxd5 Be6 19. Rdd1 Ng6 20. Bd6 Rac8
21. Bxg6 hxg6 22. Bxe7 Rxe7 23. Ng5 Rce8 24. Rd6 Bd7 25. Rxe7 Rxe7 26. f3 a5
27. Ne4 Kf8 28. Kf2 Be6 29. Rd8+ Re8 30. Rxe8+ Kxe8 31. a3 b4 32. axb4 axb4 33.
Ke3 f5 34. Nc5 Bc4 35. f4 Bf1 36. g3 Ke7 37. Nd3 Kd6 38. Nxb4 Kc5 39. Nd3+ Kd5
40. Ne5 Bb5 41. Nxg6 Be8 42. Ne5 g5 43. h4 gxh4 44. gxh4 Kc5 45. Kd3 Kd5 46.
Nf3 Bh5 47. Nd4 Bg4 48. Ne2 Bxe2+ 49. Kxe2 Ke4 50. h5 Kxf4 51. h6 1-0

[Event "N� LL 2004/05"]
[Site "?"]
[Date "2004.10.03"]
[Round "2"]
[White "Rumpl, Erwin"]
[Black "Mahdy, Khaled"]
[Result "1/2-1/2"]
[WhiteElo "2244"]
[BlackElo "2339"]
[Annotator "Waidhofen : Amstetten"]
[PlyCount "33"]
[EventDate "2004.09.20"]

1. e4 c6 2. d4 d5 3. e5 Bf5 4. Nf3 e6 5. Be2 Nd7 6. O-O Ne7 7. Nh4 Bg6 8. Nd2
Nf5 9. Nxg6 hxg6 10. Nf3 Be7 11. c3 Qc7 12. Bf4 c5 13. Qd2 O-O-O 14. g4 Nh6 15.
h3 Kb8 16. b4 c4 17. a4 1/2-1/2

[Event "N� LL 2004/05"]
[Site "?"]
[Date "2004.10.03"]
[Round "2"]
[White "Svanda, Pavel"]
[Black "Wadsack, Wolfgang"]
[Result "0-1"]
[WhiteElo "2277"]
[BlackElo "2178"]
[Annotator "Waidhofen : Amstetten"]
[PlyCount "125"]
[EventDate "2004.09.20"]

1. e4 d5 2. exd5 Nf6 3. d4 Nxd5 4. c4 Nb6 5. Nf3 Bg4 6. Be2 e6 7. Be3 Nc6 8.
O-O Bxf3 9. Bxf3 Nxc4 10. Qa4 Nb6 11. Bxc6+ bxc6 12. Qxc6+ Qd7 13. Qb7 Bd6 14.
Nc3 c6 15. Qa6 O-O 16. Rfc1 f5 17. f3 Bf4 18. Qd3 Bxe3+ 19. Qxe3 Nc4 20. Qf2
Rad8 21. b3 Na3 22. Ne2 Rfe8 23. Rc5 Nb5 24. Re1 Kf7 25. Rec1 Nxd4 26. Nxd4
Qxd4 27. Qxd4 Rxd4 28. Rxc6 Re7 29. R6c4 Rd3 30. R1c2 g5 31. Kf2 Red7 32. Rc7
Rd2+ 33. Rxd2 Rxc7 34. b4 Kf6 35. a4 h5 36. Rb2 Rc4 37. Ke2 Rh4 38. h3 g4 39.
hxg4 hxg4 40. a5 gxf3+ 41. Kxf3 a6 42. Rc2 Rxb4 43. Rc6 Rb3+ 44. Kf2 Rb2+ 45.
Kg3 Rb3+ 46. Kh2 f4 47. Rxa6 Kf5 48. Ra8 Ra3 49. a6 Ke4 50. a7 e5 51. g4 Ra2+
52. Kh3 Kf3 53. g5 Ra1 54. Kh2 e4 55. g6 Ra6 56. Kh3 e3 57. Kh4 e2 58. Re8 Rxa7
59. Kg5 Ra5+ 60. Kf6 Ra6+ 61. Kf5 Ra5+ 62. Kf6 Ra1 63. g7 0-1

[Event "N� LL 2004/05"]
[Site "?"]
[Date "2004.10.03"]
[Round "2"]
[White "Gugler, Edgar"]
[Black "Rosenauer, Harald"]
[Result "1-0"]
[WhiteElo "2195"]
[BlackElo "1992"]
[Annotator "Waidhofen : Amstetten"]
[PlyCount "61"]
[EventDate "2004.09.20"]

1. d4 Nf6 2. Nf3 g6 3. Nc3 d5 4. Bf4 Bg7 5. e3 O-O 6. Be2 c6 7. h3 Nbd7 8. O-O
Re8 9. Bh2 a6 10. a4 c5 11. a5 cxd4 12. exd4 b5 13. axb6 Nxb6 14. Ne5 Bb7 15.
Na4 Nxa4 16. Rxa4 Ne4 17. Rb4 Ra7 18. Qa1 f6 19. Nf3 Nd6 20. Qa4 e5 21. Rd1 Re7
22. dxe5 fxe5 23. Qb3 Kh8 24. Rxb7 Raxb7 25. Qxd5 Rbd7 26. Nxe5 Nf5 27. Qxd7
Qxd7 28. Rxd7 Bxe5 29. Rxe7 Bxh2+ 30. Kxh2 Nxe7 31. Bxa6 1-0

[Event "N� LL 2004/05"]
[Site "?"]
[Date "2004.10.03"]
[Round "2"]
[White "Kropik, Martin"]
[Black "Wadsack, Winfried"]
[Result "1-0"]
[WhiteElo "2076"]
[BlackElo "2090"]
[Annotator "Waidhofen : Amstetten"]
[PlyCount "65"]
[EventDate "2004.09.20"]

1. d4 d5 2. c4 dxc4 3. e4 c5 4. d5 e6 5. Nc3 Nf6 6. Bxc4 exd5 7. Bxd5 Nxd5 8.
Nxd5 Be6 9. Nf3 Bxd5 10. exd5 Be7 11. O-O O-O 12. Bf4 Bd6 13. Bg5 f6 14. Bh4
Nd7 15. Nd2 Nb6 16. Ne4 Rc8 17. Rc1 Rf7 18. Qg4 Be5 19. Rxc5 Rxc5 20. Nxc5 Qxd5
21. b4 h5 22. Qe2 Re7 23. Bg3 Bd6 24. Qc2 Bxc5 25. bxc5 Nd7 26. Bd6 Re4 27. Rd1
Qc4 28. Qb1 Qe2 29. h3 a5 30. Rf1 Rb4 31. Qf5 Qb5 32. Qxh5 Re4 33. Qd5+ 1-0

[Event "N� LL 2004/05"]
[Site "?"]
[Date "2004.10.17"]
[Round "3"]
[White "Degen, Gerhard"]
[Black "Svanda, Pavel"]
[Result "0-1"]
[WhiteElo "2097"]
[BlackElo "2277"]
[Annotator "Ternitz/Gloggnitz : Waidhofen"]
[PlyCount "74"]
[EventDate "2004.09.20"]

1. e4 c5 2. Nf3 d6 3. Bb5+ Nd7 4. d4 a6 5. Bxd7+ Bxd7 6. Nc3 cxd4 7. Qxd4 Nf6
8. Bg5 e6 9. O-O-O h6 10. Bh4 g5 11. Bg3 g4 12. e5 gxf3 13. exf6 fxg2 14. Rhe1
Bc6 15. Ne4 Bxe4 16. Qxe4 Qd7 17. Qxg2 Rg8 18. Qf3 Rg5 19. Rd3 Rc8 20. Red1 Rf5
21. Qe2 Rc6 22. Be5 Qc7 23. Bc3 b5 24. Rd5 Rxd5 25. Rxd5 Rc5 26. Rd1 Qc6 27. f3
Rf5 28. Rf1 h5 29. Qe3 e5 30. Kb1 Kd7 31. a3 Rxf6 32. Qa7+ Ke6 33. Qb8 Bh6 34.
Bb4 Be3 35. Rd1 Bc5 36. Qd8 Bxb4 37. axb4 Rxf3 0-1

[Event "N� LL 2004/05"]
[Site "?"]
[Date "2004.10.17"]
[Round "3"]
[White "Rosenauer, Harald"]
[Black "Braun, Karl Heinz"]
[Result "0-1"]
[WhiteElo "1992"]
[BlackElo "2096"]
[Annotator "Ternitz/Gloggnitz : Waidhofen"]
[PlyCount "80"]
[EventDate "2004.09.20"]

1. Nf3 c5 2. g3 d5 3. Bg2 Nc6 4. c4 d4 5. d3 e5 6. O-O Nf6 7. e3 Be7 8. exd4
exd4 9. a3 O-O 10. b3 h6 11. Re1 Bd6 12. Nbd2 Bf5 13. Qc2 Re8 14. Bb2 Qb6 15.
Rab1 a5 16. Ne4 Nxe4 17. dxe4 Bh7 18. Ba1 Qc7 19. Rbd1 Rad8 20. Kh1 g5 21. h3
Rd7 22. Nh2 Be5 23. Ng4 Bg7 24. Qd2 Rde7 25. f4 gxf4 26. gxf4 Bxe4 27. Rg1 Bf5
28. Nxh6+ Bxh6 29. Bxc6+ Kh7 30. Bf3 Re3 31. Rdf1 Qxf4 32. Qg2 Rxf3 33. Rxf3
Qxf3 34. Qxf3 Be4 35. Qxe4+ Rxe4 36. b4 axb4 37. axb4 cxb4 38. Rd1 Bg7 39. c5
b3 40. Kg2 b2 0-1

[Event "N� LL 2004/05"]
[Site "?"]
[Date "2004.10.17"]
[Round "3"]
[White "Schandl, Johann"]
[Black "Kropik, Martin"]
[Result "0-1"]
[WhiteElo "1996"]
[BlackElo "2076"]
[Annotator "Ternitz/Gloggnitz : Waidhofen"]
[PlyCount "80"]
[EventDate "2004.09.20"]

1. e4 c5 2. Nf3 Nc6 3. d4 cxd4 4. Nxd4 g6 5. Nc3 Bg7 6. Be3 Nf6 7. f3 O-O 8.
Qd2 d5 9. Nxc6 bxc6 10. e5 Nd7 11. f4 Qa5 12. a3 e6 13. b4 Qc7 14. Na4 f6 15.
Nc5 Re8 16. exf6 Bxf6 17. Rd1 e5 18. fxe5 Qxe5 19. Kf2 Nxc5 20. Bxc5 Bg5 21.
Qd3 Bg4 22. Rb1 Qf4+ 23. Kg1 Bf5 24. Qc3 Re3 25. Bd3 Bxd3 26. cxd3 Qf5 27. Rd1
Re2 28. Rf1 Qe6 29. h3 Re8 30. Kh2 Bd8 31. Kg1 Bc7 32. Bf2 Rf8 33. g3 Rfxf2 34.
Rxf2 Qe3 35. Rhh2 Bxg3 36. Qf6 Bxf2+ 37. Rxf2 Rxf2 38. Qxf2 Qxf2+ 39. Kxf2 Kf7
40. Ke3 Ke6 0-1

[Event "N� LL 2004/05"]
[Site "?"]
[Date "2004.10.17"]
[Round "3"]
[White "Schroll, Gerhard"]
[Black "Weiss, Christian"]
[Result "0-1"]
[WhiteElo "2365"]
[BlackElo "2383"]
[Annotator "P�chlarn : Wr.Neustadt"]
[PlyCount "86"]
[EventDate "2004.09.20"]

1. c4 e5 2. Nc3 Bb4 3. Nd5 Be7 4. g3 Nf6 5. Nxe7 Qxe7 6. Bg2 O-O 7. d3 c6 8.
Nf3 d5 9. O-O Rd8 10. Qc2 h6 11. b3 e4 12. dxe4 dxe4 13. Ne1 Bf5 14. Bb2 c5 15.
Bc3 Nc6 16. Qb2 Nd4 17. Rd1 Bg4 18. Bxd4 Rxd4 19. Rxd4 cxd4 20. h3 Bh5 21. g4
Bxg4 22. hxg4 Rd8 23. f3 Qc5 24. Rf2 Qg5 25. fxe4 Nxg4 26. Nd3 Qe3 27. Kf1 Nxf2
28. Nxf2 Rd6 29. Bf3 d3 30. Nxd3 Rxd3 31. exd3 Qxf3+ 32. Kg1 Qxd3 33. e5 Qe3+
34. Kg2 g5 35. Qa3 g4 36. Qd6 Qf3+ 37. Kg1 g3 38. Qd2 Kg7 39. c5 Kg6 40. Qc2+
Kg5 41. b4 Qf2+ 42. Qxf2 gxf2+ 43. Kxf2 Kf4 0-1

[Event "N� LL 2004/05"]
[Site "?"]
[Date "2004.10.17"]
[Round "3"]
[White "Knoll, Hermann"]
[Black "Todor, Razvan"]
[Result "0-1"]
[WhiteElo "2351"]
[BlackElo "2133"]
[Annotator "P�chlarn : Wr.Neustadt"]
[PlyCount "68"]
[EventDate "2004.09.20"]

1. e4 c5 2. Nf3 d6 3. d4 cxd4 4. Nxd4 Nf6 5. Nc3 a6 6. Be3 e6 7. f3 Be7 8. g4
Nfd7 9. Qd2 Nc6 10. O-O-O Nxd4 11. Bxd4 O-O 12. h4 b5 13. Bd3 Bb7 14. Kb1 Nc5
15. g5 b4 16. Ne2 a5 17. Ng3 Qc7 18. h5 a4 19. g6 h6 20. Be2 d5 21. Rdg1 f6 22.
Be3 Rfd8 23. Bxh6 dxe4 24. Qe3 a3 25. Bxg7 Bd5 26. b3 Qe5 27. c3 bxc3 28. Kc2
Bxb3+ 29. axb3 Rd2+ 30. Qxd2 cxd2 31. Kxd2 e3+ 32. Ke1 a2 33. h6 a1=Q+ 34. Bd1
Nd3+ 0-1

[Event "N� LL 2004/05"]
[Site "?"]
[Date "2004.10.17"]
[Round "3"]
[White "Posch, Werner"]
[Black "Pernerstorfer, Johannes"]
[Result "1-0"]
[WhiteElo "2188"]
[BlackElo "2046"]
[Annotator "P�chlarn : Wr.Neustadt"]
[PlyCount "51"]
[EventDate "2004.09.20"]

1. e4 c5 2. Nc3 d6 3. g3 g6 4. Bg2 Bg7 5. d3 Nf6 6. f4 Nc6 7. Nf3 a6 8. O-O h5
9. h3 e6 10. Be3 b5 11. Qd2 b4 12. Ne2 a5 13. Nh4 Qc7 14. a3 Bb7 15. axb4 axb4
16. Rxa8+ Bxa8 17. f5 gxf5 18. exf5 e5 19. c3 Bb7 20. d4 Na5 21. dxe5 dxe5 22.
Bxb7 Nxb7 23. cxb4 c4 24. Nc3 Rg8 25. Ra1 Nd8 26. Nb5 1-0

[Event "N� LL 2004/05"]
[Site "?"]
[Date "2004.10.17"]
[Round "3"]
[White "Gattermayer, Robert"]
[Black "Wiedner, Robert"]
[Result "1-0"]
[WhiteElo "2061"]
[BlackElo "2147"]
[Annotator "P�chlarn : Wr.Neustadt"]
[PlyCount "77"]
[EventDate "2004.09.20"]

1. e4 Nf6 2. e5 Nd5 3. d4 d6 4. c4 Nb6 5. f4 g5 6. d5 Bg7 7. e6 fxe6 8. Qh5+
Kf8 9. Nf3 Qe8 10. Qxg5 exd5 11. cxd5 Qg6 12. Qxg6 hxg6 13. Bd3 Bf5 14. Bxf5
gxf5 15. Nc3 Bxc3+ 16. bxc3 Nxd5 17. Nd4 Na6 18. Nxf5 Rg8 19. c4 Ndb4 20. O-O
Nc5 21. Nh6 Rg7 22. f5 Nbd3 23. Be3 Ne4 24. Rad1 Ne5 25. Bd4 Rh7 26. Bxe5 Rxh6
27. Bf4 Rh8 28. g4 Kf7 29. Rde1 Nf6 30. g5 Rag8 31. g6+ Kf8 32. Bg5 Rh5 33.
Bxf6 exf6 34. Re6 Rg5+ 35. Kh1 Rg4 36. Rxf6+ Ke8 37. Re1+ Kd8 38. Rf7 Rxc4 39.
g7 1-0

[Event "N� LL 2004/05"]
[Site "?"]
[Date "2004.10.17"]
[Round "3"]
[White "Weissenbeck, Manuel"]
[Black "Eibersberger, Manfred"]
[Result "1-0"]
[WhiteElo "2227"]
[BlackElo "2072"]
[Annotator "Baden : Mauerbach"]
[PlyCount "45"]
[EventDate "2004.09.20"]
[TimeControl "240+2"]

1. d4 Nf6 2. Nf3 g6 3. c4 c5 4. g3 cxd4 5. Nxd4 Bg7 6. Bg2 O-O 7. Nc3 Nc6 8.
O-O d6 9. Nxc6 bxc6 10. Bxc6 Rb8 11. Bg2 Qa5 12. Nb5 Be6 13. Bd2 Qa6 14. b3
Rbc8 15. a4 d5 16. cxd5 Nxd5 17. Rc1 Rxc1 18. Bxc1 Nc3 19. Nxc3 Bxc3 20. Ba3
Bf6 21. Bc5 Rc8 22. b4 Bc4 23. Qd7 1-0

[Event "N� LL 2004/05"]
[Site "MyTown"]
[Date "2004.10.17"]
[Round "3"]
[White "Sulyok, Michael"]
[Black "Penz, Harald"]
[Result "0-1"]
[WhiteElo "2161"]
[BlackElo "2269"]
[Annotator "Baden : Mauerbach"]
[PlyCount "42"]
[EventDate "2004.??.??"]
[TimeControl "240+2"]

1. Nf3 {[%emt 0:00:00]} d5 2. d4 Nf6 3. c4 c5 4. cxd5 cxd4 5. Qxd4 Qxd5 6. Nc3
Qxd4 7. Nxd4 Bd7 8. Ndb5 Kd8 9. Be3 e6 10. Bxa7 Bxb5 11. Bb6+ Kd7 12. Nxb5 Kc6
13. Bd4 Kxb5 14. e4+ Kc6 15. Rc1+ Kd7 16. Bb5+ Nc6 17. O-O Nxe4 18. Rfd1 Nd6
19. Be3 Rxa2 20. Rd2 Kc7 21. Bf4 Ra5 0-1

[Event "N� LL 2004/05"]
[Site " "]
[Date "2004.10.17"]
[Round "3"]
[White "Bechmann, Gerhard"]
[Black "Filip, Daniel"]
[Result "1-0"]
[WhiteElo "2065"]
[BlackElo "1947"]
[Annotator "Baden : Mauerbach"]
[PlyCount "171"]
[EventDate "2004.??.??"]
[TimeControl "240+2"]

1. c4 e6 2. e3 d5 3. d4 Nf6 4. Nf3 c6 5. Nc3 Nbd7 6. Be2 Bd6 7. Qc2 O-O 8. O-O
dxc4 9. Bxc4 e5 10. dxe5 Nxe5 11. Nxe5 Bxe5 12. f4 Bc7 13. Bd2 Re8 14. Rae1 Bf5
15. Qxf5 Qxd2 16. Re2 Qd7 17. Qxd7 Nxd7 18. Kf2 Kf8 19. Kf3 f5 20. h3 Rad8 21.
g4 fxg4+ 22. hxg4 Nc5 23. a3 Re7 24. Rd1 Red7 25. Rxd7 Rxd7 26. b4 Nd3 27. Ne4
Ke7 28. Rd2 Ne1+ 29. Ke2 Rxd2+ 30. Kxd2 Ng2 31. Bf1 Nh4 32. Kd3 Ng6 33. Ng5 Nf8
34. Ke4 g6 35. Bc4 Bd6 36. Nf7 Bc7 37. g5 Ne6 38. Nh6 Nf8 39. Ng8+ Kd6 40. Nf6
Bd8 41. Ng4 Ne6 42. Ne5 Bc7 43. Ng4 Bd8 44. Ne5 Bc7 45. Bb3 Ke7 46. Nd3 Bd6 47.
a4 Nc7 48. Bg8 Kf8 49. Bc4 a6 50. Bb3 Kg7 51. Kd4 b6 52. e4 h5 53. gxh6+ Kxh6
54. Kc3 Kg7 55. e5 Be7 56. Kd2 Bf8 57. Ke3 Be7 58. Ke4 Bf8 59. f5 gxf5+ 60.
Kxf5 Be7 61. e6 Bd6 62. Ne5 Bxb4 63. Nxc6 Bc5 64. e7 a5 65. Bd1 b5 66. axb5
Bxe7 67. b6 Bd6 68. Nxa5 Na6 69. Nb3 Nb8 70. Ke6 Bg3 71. Bg4 Bh2 72. Nc5 Nc6
73. Kd7 Nb8+ 74. Kc8 Nc6 75. Bf3 Nb8 76. Ne6+ Kf6 77. Nc7 Ke7 78. Kxb8 Kd7 79.
Kb7 Kd8 80. Kc6 Bg3 81. Bg4 Bh2 82. Ne6+ Ke7 83. b7 Bb8 84. Nc5 Ke8 85. Nd7 Bh2
86. b8=B {Zeit!} 1-0